000 00626nam a2200205Ia 4500
005 20260121110031.0
008 008 260114s9999 xx 000 0 hin d
020 _a9788132350279
037 _aEBOOK
040 _aCRL
_bhin
_cCRL
041 _ahin
_2hin
084 _qCRL
100 _aअजय प्रसाद / Ajay Prasad
_9941227
245 0 _aकृषि सहकारिता / Krishi Sahkarita
260 _bभाषा प्रकाशन / Bhasha Prakashan
_c2020
856 _uhttps://bhashaprakashan.com/product-details/378279
942 _cEBOOK
999 _c1532892
_d1532892